Multi-Agent Systems and Agreement Technologies 14th European Conference, EUMAS 2016, and 4th International Conference, AT 2016, Valencia, Spain, December 15-16, 2016, Revised Selected Papers /

This book constitutes the revised selected papers from the 14th European Conference on Multi-Agent Systems, EUMAS 2016, and the Fourth International Conference on Agreement Technologies, AT 2016, held in Valencia, Spain, in December 2016. The 43 papers and 2 invited papers presented in this volume w...

Πλήρης περιγραφή

Λεπτομέρειες βιβλιογραφικής εγγραφής
Συγγραφή απο Οργανισμό/Αρχή: SpringerLink (Online service)
Άλλοι συγγραφείς: Criado Pacheco, Natalia (Επιμελητής έκδοσης), Carrascosa, Carlos (Επιμελητής έκδοσης), Osman, Nardine (Επιμελητής έκδοσης), Julián Inglada, Vicente (Επιμελητής έκδοσης)
Μορφή: Ηλεκτρονική πηγή Ηλ. βιβλίο
Γλώσσα:English
Έκδοση: Cham : Springer International Publishing : Imprint: Springer, 2017.
Σειρά:Lecture Notes in Computer Science, 10207
Θέματα:
Διαθέσιμο Online:Full Text via HEAL-Link
LEADER 03067nam a22006135i 4500
001 978-3-319-59294-7
003 DE-He213
005 20170622140030.0
007 cr nn 008mamaa
008 170622s2017 gw | s |||| 0|eng d
020 |a 9783319592947  |9 978-3-319-59294-7 
024 7 |a 10.1007/978-3-319-59294-7  |2 doi 
040 |d GrThAP 
050 4 |a Q334-342 
050 4 |a TJ210.2-211.495 
072 7 |a UYQ  |2 bicssc 
072 7 |a TJFM1  |2 bicssc 
072 7 |a COM004000  |2 bisacsh 
082 0 4 |a 006.3  |2 23 
245 1 0 |a Multi-Agent Systems and Agreement Technologies  |h [electronic resource] :  |b 14th European Conference, EUMAS 2016, and 4th International Conference, AT 2016, Valencia, Spain, December 15-16, 2016, Revised Selected Papers /  |c edited by Natalia Criado Pacheco, Carlos Carrascosa, Nardine Osman, Vicente Julián Inglada. 
264 1 |a Cham :  |b Springer International Publishing :  |b Imprint: Springer,  |c 2017. 
300 |a XIV, 582 p. 147 illus.  |b online resource. 
336 |a text  |b txt  |2 rdacontent 
337 |a computer  |b c  |2 rdamedia 
338 |a online resource  |b cr  |2 rdacarrier 
347 |a text file  |b PDF  |2 rda 
490 1 |a Lecture Notes in Computer Science,  |x 0302-9743 ;  |v 10207 
505 0 |a agent and multi-agent system models -- algorithms -- applications -- simulations -- theoretical studies -- algorithms and frameworks -- philosophical and theoretical studies. 
520 |a This book constitutes the revised selected papers from the 14th European Conference on Multi-Agent Systems, EUMAS 2016, and the Fourth International Conference on Agreement Technologies, AT 2016, held in Valencia, Spain, in December 2016. The 43 papers and 2 invited papers presented in this volume were carefully reviewed and selected from 68 submissions. The papers cover thematic areas as agent and multi-agent system models, algorithms, applications, simulations, theoretical studies, and for AT the thematic areas are: algorithms. 
650 0 |a Computer science. 
650 0 |a Software engineering. 
650 0 |a Algorithms. 
650 0 |a Mathematical logic. 
650 0 |a Artificial intelligence. 
650 0 |a Computer simulation. 
650 1 4 |a Computer Science. 
650 2 4 |a Artificial Intelligence (incl. Robotics). 
650 2 4 |a Simulation and Modeling. 
650 2 4 |a Software Engineering. 
650 2 4 |a Information Systems Applications (incl. Internet). 
650 2 4 |a Mathematical Logic and Formal Languages. 
650 2 4 |a Algorithm Analysis and Problem Complexity. 
700 1 |a Criado Pacheco, Natalia.  |e editor. 
700 1 |a Carrascosa, Carlos.  |e editor. 
700 1 |a Osman, Nardine.  |e editor. 
700 1 |a Julián Inglada, Vicente.  |e editor. 
710 2 |a SpringerLink (Online service) 
773 0 |t Springer eBooks 
776 0 8 |i Printed edition:  |z 9783319592930 
830 0 |a Lecture Notes in Computer Science,  |x 0302-9743 ;  |v 10207 
856 4 0 |u http://dx.doi.org/10.1007/978-3-319-59294-7  |z Full Text via HEAL-Link 
912 |a ZDB-2-SCS 
912 |a ZDB-2-LNC 
950 |a Computer Science (Springer-11645)